书目信息 |
| 题名: |
孝经
|
|
| 作者: | 墨人 主编 | |
| 分册: | ||
| 出版信息: | 北京 中国戏剧出版社 2010.05 |
|
| 页数: | 138页 | |
| 开本: | 21cm | |
| 丛书名: | 经典国学启蒙文库 | |
| 单 册: | ||
| 中图分类: | B222 | |
| 科图分类: | ||
| 主题词: | 道家 , 先秦哲学 | |
| 电子资源: | ||
| ISBN: | 978-7-104-02553-5 | |
| 000 | 00738nam 2200265 450 | |
| 001 | 012010630118 | |
| 005 | 20111228171617.37 | |
| 010 | @a978-7-104-02553-5@dCNY29.80 | |
| 100 | @a20111112d2010 cemy0chiy0110 ea | |
| 101 | 0 | @achi |
| 102 | @aCN@b110000 | |
| 105 | @aa z 000yy | |
| 200 | 1 | @a孝经@Axiao jing@Azhuang zi@f墨人主编@Fmo ren zhu bian |
| 205 | @a修订版 | |
| 210 | @a北京@c中国戏剧出版社@d2010.05 | |
| 215 | @a138页@c彩图@d21cm | |
| 225 | 2 | @a经典国学启蒙文库 |
| 330 | @a本书介绍了《孝经》的教育思想、《孝经》的教育智慧。 | |
| 410 | 0 | @12001 @a经典国学启蒙文库 |
| 606 | 0 | @a道家 |
| 606 | 0 | @a先秦哲学 |
| 690 | @aB222@v5 | |
| 701 | 0 | @a墨人@Amo ren@4主编 |
| 801 | 0 | @aCN@c20111228 |
| 905 | @aZUCC@dB222@eM904@f3 | |
| 孝经/墨人主编.-修订版.-北京:中国戏剧出版社,2010.05 |
| 138页:彩图;21cm.-(经典国学启蒙文库) |
| ISBN 978-7-104-02553-5:CNY29.80 |
| 本书介绍了《孝经》的教育思想、《孝经》的教育智慧。 |
| ● |
| 相关链接 |
|
|
|
正题名:孝经
索取号:B222/M904
 
预约/预借
| 序号 | 登录号 | 条形码 | 馆藏地/架位号 | 状态 | 备注 |
| 1 | 1182933 | 211829333 | 社科库509/509社科库 9排4列6层/ [索取号:B222/M904] | 在馆 | |
| 2 | 1182934 | 211829342 | 社科库509/509社科库 9排4列6层/ [索取号:B222/M904] | 在馆 | |
| 3 | 1182935 | 211829351 | 社科库509/509社科库 9排4列6层/ [索取号:B222/M904] | 在馆 |